000 01610nam a2200325 a 4500
001 BRCA_3141
005 20190320204130.0
008 050209s1866----fr-a---###---#000-0dfre-u
041 _afre
044 _afr
084 _a445
_b.G376
_c1866
100 1 _aCervantes Saavedra, Miguel de
_d1547-1616
_9213
245 1 0 _aLe Don Quichotte de la jeunesse
_cMichel de Cervantes.
260 _aParís
_bGarnier Fréres
_c1866
300 _axvi, 527 p.
_bil.
_c25 cm.
500 _aContenido : Primera parte. Noticia sobre Cervantes. Prólogo del autor. Texto. Segunda parte. Prólogo del autor. Texto
500 _aEdición : Nouvelle edition illustrée de vignettes sur bois d´aprées les dessins de G. Staal, granvées par Pannemacker, Monard, Midderich
500 _aTraducción de Florian arreglada para la juventud. Si bien la parte literaria no es recomendable por tantas libertades que es tomó el traductor, la parte ilustrativa es notable, pues está adornada con bonitas láminas y buenos dibujos de G. Staal. Semipiel; lomo adornado con dorados Lúdovik Osterc
500 _aCon ex-libris de : Sello de Biblioteca Callico
500 _aQM1003
546 _aTexto en : francés
650 1 4 _aNovela española
_yÉpoca clásica, 1500-1700
_9215
650 1 4 _aLiteratura española
_yÉpoca clásica, 1500-1700
_9216
650 1 4 _aNovela española
_ySiglo XVII
_9217
650 1 4 _aDon Quijote (Personaje ficticio)
_eNovela
_9218
700 1 _aFlorian, Jean-Pierre Claris de
_d1755-1794
_eTraductor
_98480
740 0 _aEl Ingenioso Hidalgo Don Quijote de la Mancha
902 _aQFM
942 _2lcc
_cB
999 _c2877
_d2877